| 000 | 00560nam a2200217Ia 4500 | ||
|---|---|---|---|
| 008 | 200601s9999 xx 000 0 und d | ||
| 020 | _a1-904994-12-1 | ||
| 050 | _aREF AG 243 | ||
| 050 | _b.G85 2006 | ||
| 245 | 0 | _aGuinnes world records 2007 / | |
| 245 | 0 | _cEdited By Craig Glenday. | |
| 260 | _aUSA : | ||
| 260 | _bGuinnes World Records Ltd., | ||
| 260 | _c2006 | ||
| 300 | _a286 pages : | ||
| 300 | _bcolor illustrations ; | ||
| 300 | _c30 cm. | ||
| 500 | _aIncludes index. | ||
| 650 | _aCuriousities and wonders. | ||
| 650 | _xWorld records. | ||
| 999 |
_c363263 _d363263 |
||